[Event "NLD-ch"]
[Site "Rotterdam"]
[Date "1998.07.02"]
[Round "10"]
[White "Timman, Jan H"]
[Black "Van der Weide, Karel"]
[Result "1-0"]
[WhiteElo "2635"]
[BlackElo "2450"]

1.d4 Nf6 2.Nf3 g6 3.Bg5 Bg7 4.Nbd2 O-O 5.c3 d6 6.e3 Nbd7 7.Bc4 e5 8.O-O Qe8
9.e4 a6 10.Re1 b6 11.Qc2 Bb7 12.a4 h6 13.Bh4 Nh5 14.Nf1 Nf4 15.Bg3 Nh5 16.Bh4 Nf4
17.Ne3 Nf6 18.d5 Nh7 19.Nd2 Bc8 20.Bf1 f5 21.a5 bxa5 22.Rxa5 Nh5 23.f3 f4
24.Ng4 g5 25.Bf2 N5f6 26.Nxf6+ Bxf6 27.Rea1 h5 28.Bxa6 g4 29.Bxc8 Rxc8 30.Kf1 g3
31.hxg3 fxg3 32.Bxg3 Qg6 33.Bf2 Kh8 34.Nc4 Bg5 35.Re1 h4 36.Ke2 Bf4 37.Raa1 Qxg2
38.Rg1 Qh3 39.Qd3 Bh2 40.Rg4 Rf4 41.Rxf4 Bxf4 42.Qd1 Bg3 43.Qh1 Qd7 44.Bxg3 hxg3
45.Qh4 Rg8 46.Rg1 g2 47.Qh2 Qb5 48.Kd3 c6 49.dxc6 Qxc6 50.Rxg2 Rxg2 51.Qxg2 d5
52.Nxe5 dxe4+ 53.Kd4 exf3 54.Nf7+  1-0

[Event "Elista ol (Men)"]
[Site "Elista"]
[Date "1998.10.02"]
[Round "4"]
[White "Timman, Jan H"]
[Black "Rohl, Juan"]
[Result "1-0"]
[WhiteElo "2655"]
[BlackElo "2330"]

1.e4 c5 2.Nf3 e6 3.d4 cxd4 4.Nxd4 a6 5.Bd3 Nf6 6.O-O Qc7 7.b3 g6 8.Nd2 d6
9.a4 Bg7 10.Bb2 O-O 11.Qe2 Nh5 12.Qe3 Nd7 13.c4 e5 14.Ne2 Nf4 15.Bc2 Nf6
16.Nxf4 exf4 17.Qf3 Qa5 18.Bc3 Qg5 19.Qd3 Bg4 20.h3 Bh5 21.Bd1 Rad8 22.Bxh5 Qxh5
23.Bxf6 Bxf6 24.Rad1 Rfe8 25.Nf3 Qa5 26.Rfe1 Be5 27.Qc2 Qc3 28.Qb1 Rc8 29.Rd5 Rc5
30.Red1 Rxd5 31.Rxd5 Re6 32.Nxe5 dxe5 33.Qd1 Qb4 34.Rd7 b5 35.axb5 axb5 36.Rb7 Rd6
37.Qa1 Rd8 38.Rxb5 Qd2 39.Rxe5 Qc2 40.Rd5 Re8 41.Qd1 Qxe4 42.Rd8 Rxd8 43.Qxd8+ Kg7
44.Qd1 h5 45.c5 Kh7 46.Qc1  1-0

[Event "Elista ol (Men)"]
[Site "Elista"]
[Date "1998.10.05"]
[Round "7"]
[White "Ljubojevic, Ljubomir"]
[Black "Timman, Jan H"]
[Result "1-0"]
[WhiteElo "2550"]
[BlackElo "2655"]

1.Nf3 d5 2.d4 Nf6 3.c4 dxc4 4.e3 e6 5.Bxc4 c5 6.O-O a6 7.Bb3 b5 8.a4 b4 9.Nbd2 Bb7
10.a5 Be7 11.Ba4+ Nfd7 12.Nc4 O-O 13.Qd3 Bxf3 14.gxf3 cxd4 15.Qxd4 Qc7 16.Rd1 Bf6
17.Qe4 Ra7 18.Bc2 g6 19.Bd2 b3 20.Bxb3 Nc5 21.Qc2 Qb7 22.Nd6 Qxb3 23.Qxc5 Rd7
24.Bc3 Be7 25.Qc4 Qxc4 26.Nxc4 Rfd8 27.Rxd7 Rxd7 28.Nb6 Rb7 29.Ra4 Rc7 30.Be5 Rc1+
31.Kg2 Nc6 32.Bc3 Na7 33.Rc4 Bd8 34.f4 f5 35.Be5 Rxc4 36.Nxc4 Kf8 37.Bd4 Nb5
38.Bc5+ Ke8 39.Kf3 Bc7 40.Ke2 Kd7 41.Kd3 Kc6 42.Bb6 Bb8 43.h3 Bd6 44.f3 Bb4
45.Ne5+ Kd5 46.Nf7 Be7 47.Bd8 Bf8 48.e4+ Kc6 49.Ng5 Bd6 50.Nxh7 Bxf4 51.Nf8 Be5
52.b3 Nd4 53.Nxg6 Bg7 54.exf5 exf5 55.Bb6 Nxf3 56.Ke3 Ng5 57.h4 Nf7 58.Ne7+ Kb5
59.Nxf5 Bf6 60.Ke4 Bc3 61.Kd5  1-0

[Event "Elista ol (Men)"]
[Site "Elista"]
[Date "1998.10.06"]
[Round "8"]
[White "Timman, Jan H"]
[Black "Magomedov, Magaram"]
[Result "1-0"]
[WhiteElo "2655"]
[BlackElo "2540"]

1.e4 e5 2.Nf3 Nc6 3.Bb5 a6 4.Ba4 Nf6 5.O-O Be7 6.Re1 b5 7.Bb3 d6 8.c3 O-O
9.h3 Na5 10.Bc2 c5 11.d4 Nd7 12.Nbd2 cxd4 13.cxd4 Bf6 14.Nf1 Nc4 15.b3 Ncb6
16.Bb2 g6 17.Ne3 Bg7 18.Qd2 Bb7 19.Rad1 Re8 20.Ng4 Qe7 21.Ba3 exd4 22.Nh6+ Kh8
23.Bxd6 Qe6 24.Bf4 Qe7 25.Nxd4 Ne5 26.Qa5 Nbd7 27.Qc7 Qf6 28.Ne2 Bc6 29.Rd6 Re6
30.Rxe6 Qxe6 31.Nd4 Qe8 32.Nxc6 Rc8 33.Nxe5 Nxe5 34.Qxe5  1-0

[Event "Elista ol (Men)"]
[Site "Elista"]
[Date "1998.10.12"]
[Round "13"]
[White "Svidler, Peter"]
[Black "Timman, Jan H"]
[Result "1-0"]
[WhiteElo "2710"]
[BlackElo "2655"]

1.e4 e5 2.Nf3 Nc6 3.Bb5 Nf6 4.O-O Nxe4 5.d4 Nd6 6.Bxc6 dxc6 7.dxe5 Nf5 8.Qxd8+ Kxd8
9.Rd1+ Ke8 10.Nc3 Ne7 11.Nd4 Ng6 12.Ne4 Be7 13.f4 Nh4 14.Re1 c5 15.Nb5 Kd7
16.b4 Kc6 17.a4 b6 18.bxc5 bxc5 19.Ba3 Nf5 20.Nf2 a6 21.Nc3 Nd4 22.Rac1 g5
23.Nd3 gxf4 24.Nxf4 Bg5 25.Ncd5 Bf5 26.Re3 Rad8 27.c4 Ne6 28.Rf1 Nxf4 29.Nxf4 Rd4
30.Bb2 Rxc4 31.e6 f6 32.g3 Re8 33.e7 Be4 34.h4 Bxf4 35.Rxf4 Rxe7 36.Bxf6 Re6
37.a5 Kd5 38.Bc3 Rxc3 39.Rxc3 c4 40.Rf7 c6 41.Kf2 Kd4 42.Re3 c3 43.Rd7+ Kc4
44.Ke1 h5 45.Rdd3 Bxd3 46.Rxe6 Kb3 47.Rxc6 Kb2 48.Rc5 Bg6 49.Rc8 Bd3 50.Rc6 Bg6  1-0

[Event "Hoogovens 5'"]
[Site "Wijk aan Zee"]
[Date "1999.01.18"]
[Round "5"]
[White "Sokolov, Ivan"]
[Black "Timman, Jan H"]
[Result "1-0"]
[WhiteElo "2610"]
[BlackElo "2649"]

1.d4 Nf6 2.c4 d6 3.Nf3 Nbd7 4.Nc3 e5 5.e4 Be7 6.Be2 c6 7.O-O O-O 8.Qc2 a6
9.Rd1 Qc7 10.Nh4 g6 11.Bh6 Re8 12.Nf3 b5 13.Rac1 b4 14.Na4 exd4 15.Nxd4 c5
16.Nf3 Bb7 17.Ng5 Ne5 18.f3 Nc6 19.Qd2 Nd4 20.b3 Nh5 21.Bf1 Bc8 22.f4 Bg4
23.Re1 f6 24.h3 fxg5 25.hxg4 Nxf4 26.Nb2 Bf6 27.Nd3 Nxd3 28.Bxd3 Ne6 29.e5 Bxe5
30.Be4 Bf4 31.Qb2 Bxc1 32.Qxc1 Rad8 33.Bd5 Qf7 34.Qe3 Re7 35.Bxe6 Rxe6 36.Qxe6 Qxe6
37.Rxe6 Kf7 38.Bxg5 Rd7 39.Rf6+ Kg7 40.Rf2 d5 41.Bf6+ Kg8 42.cxd5 Rxd5 43.g5 Kf7
44.Re2 Rd7 45.Kf2 Rc7 46.Ke3 c4 47.bxc4 Rxc4 48.Kd3 Rc7 49.Kd4 a5 50.Kd5 a4
51.Kd6 Rc1 52.Re7+ Kf8 53.Rb7 Rb1 54.Ke6 Re1+ 55.Be5  1-0

[Event "Hoogovens 5'"]
[Site "Wijk aan Zee"]
[Date "1999.01.18"]
[Round "7"]
[White "Piket, Jeroen"]
[Black "Timman, Jan H"]
[Result "0-1"]
[WhiteElo "2609"]
[BlackElo "2649"]

1.Nf3 c5 2.c4 Nc6 3.g3 g6 4.Bg2 Bg7 5.O-O e6 6.Nc3 Nge7 7.Rb1 O-O 8.a3 d5
9.cxd5 exd5 10.d3 b6 11.Bg5 h6 12.Bd2 d4 13.Na4 Nd5 14.b4 Rb8 15.b5 Nce7
16.Qc2 Bd7 17.e4 dxe3 18.fxe3 Qe8 19.Nc3 Nxc3 20.Bxc3 Bxc3 21.Qxc3 Nd5 22.Qb2 Qxe3+
23.Kh1 Qe7 24.Rbe1 Qd6 25.Ne5 Rbe8 26.d4 Be6 27.Qd2 Kg7 28.a4 Ne7 29.Qf4 Bd5
30.dxc5 bxc5 31.Rd1 Bxg2+ 32.Kxg2 Qe6 33.Nd7 Rh8 34.Rfe1 Qf5 35.Qc1 Nd5 36.Qb2+ f6
37.Nxc5 Rxe1 38.Rxe1 Rc8 39.Qd4 Rxc5 40.Re2 Rc1 41.Qxa7+ Kf8 42.Qa8+ Rc8
43.Qa7 Qg4 44.Qf2 Nf4+ 45.Qxf4 Qxe2+ 46.Kh3 Qh5+  0-1

[Event "Masters"]
[Site "Kilkenny IRL"]
[Date "1999.11.27"]
[Round "2"]
[White "Heidenfeld,M"]
[Black "Timman,J"]
[Result "1/2-1/2"]
[WhiteElo "2368"]
[BlackElo "2650"]

1.e4 e5 2.Nf3 Nc6 3.Bb5 a6 4.Bxc6 dxc6 5.O-O f6 6.d4 Bg4 7.dxe5 Qxd1 8.Rxd1 fxe5
9.Rd3 Bd6 10.Nbd2 b5 11.Nf1 Ne7 12.Nh4 Be6 13.Bg5 Rf8 14.Ng3 g6 15.Nf3 Ng8
16.Bd2 Bg4 17.Ng5 h6 18.h3 Bd7 19.Nf3 c5 20.b3 O-O-O 21.Rd1 c4 22.bxc4 bxc4
23.Rxd6 cxd6 24.Ba5 Rde8 25.Rxd6 Rf6 26.Rd5 Rfe6 27.Bc3 Nf6 28.Rxe5 Kb7 29.Rxe6 Rxe6
30.Ne5 Bb5 31.f3 Ng8 32.Nf1 Kb6 33.Ne3 Kc5 34.Nd5 a5 35.Kf2 Ba4 36.Ke3 Bb5
37.Nf4 Rd6 38.Bd4+ Kb4 39.Nd5+ Rxd5 40.exd5 Ne7 41.Ke4 Ba4 42.c3+ Kb5 43.d6 Bc2+
44.Kf4 Nc6 45.Nxc6 Kxc6 46.Ke5 Kd7 47.g4 Ba4 48.f4 h5 49.f5 gxf5 50.g5 f4
51.g6 Bc2 52.g7 Bh7 53.h4 f3 54.Bf2 Bg8 55.Bg3 Bf7 56.Kf6 Bd5 57.Kg6 f2 58.Bxf2 Kxd6
59.Kxh5 Ke7 60.Kg6 Be4+ 61.Kh6 Kf7 62.Bd4 a4 63.a3 Bb1 64.Kg5 Bc2 65.Kf4 Bd3
66.Ke5  1/2-1/2

[Event "Masters"]
[Site "Kilkenny IRL"]
[Date "1999.11.28"]
[Round "5"]
[White "O'Cinneide,M"]
[Black "Timman,J"]
[Result "0-1"]
[WhiteElo "2252"]
[BlackElo "2650"]

1.Nf3 g6 2.c4 Bg7 3.Nc3 c5 4.g3 Nc6 5.Bg2 d6 6.O-O Nh6 7.d3 Nf5 8.Bd2 Rb8
9.Rb1 b6 10.a3 Bb7 11.b4 h5 12.h4 O-O 13.Ne4 Qd7 14.Bh3 Ncd4 15.Ne1 cxb4
16.axb4 d5 17.cxd5 Qxd5 18.Bg2 Qd7 19.Bc3 Rbc8 20.Ba1 Rfd8 21.e3 Nb5 22.Bxg7 Nxg7
23.Qa4 Bc6 24.Qa3 Ne6 25.Ra1 Bd5 26.Qb2 Qc6 27.f4 Ng7 28.Rf2 Nf5 29.Rc2 Qe6
30.Re2 Bxe4  0-1

[Event "Dordrecht FPO"]
[Site "Dordrecht"]
[Date "1999.??.??"]
[Round "8"]
[White "Timman, Jan H"]
[Black "Kasimdzhanov, Rustam"]
[Result "0-1"]
[WhiteElo "2649"]
[BlackElo "2595"]

1.e4 g6 2.d4 Bg7 3.c3 d6 4.f4 Nf6 5.Bd3 O-O 6.Nf3 c5 7.e5 Nd5 8.Be4 Nb6 9.dxc5 dxc5
10.Qe2 Nc6 11.Be3 Qc7 12.Na3 a6 13.h4 Bf5 14.Bxf5 gxf5 15.Rg1 Qc8 16.O-O-O Na4
17.Qc2 b5 18.b3 Nxc3 19.Qxc3 b4 20.Qxc5 bxa3 21.Kb1 a5 22.Rc1 Nb4 23.Qxc8 Rfxc8
24.g4 Rxc1+ 25.Bxc1 fxg4 26.Rxg4 Nd5 27.f5 Kf8 28.Rc4 a4 29.b4 Rb8 30.Bxa3 Ne3
31.Rc7 Nxf5 32.Kc2 Bh6 33.Kd3 Rd8+ 34.Ke4 Ng3+  0-1

[Event "It"]
[Site "Pamplona ESP"]
[Date "2000.01.04"]
[Round "8"]
[White "Timman,J"]
[Black "De la Villa Garcia,J"]
[Result "1-0"]
[WhiteElo "2650"]
[BlackElo "2473"]

1.Nf3 Nf6 2.c4 g6 3.Nc3 Bg7 4.e4 e5 5.Nxe5 Qe7 6.Nf3 Nxe4 7.Nd5 Qd8 8.d3 Nc5
9.Bg5 f6 10.Be3 d6 11.h4 Bg4 12.Be2 O-O 13.d4 Ne6 14.Ng1 Bxe2 15.Nxe2 Nd7
16.Qb3 Rf7 17.O-O-O c6 18.Ndc3 f5 19.d5 cxd5 20.Nxd5 Ndc5 21.Qc2 Rc8 22.Kb1 b5
23.cxb5 Rb7 24.Nef4 Qe8 25.b6 axb6 26.Rhe1 Na4 27.Qb3 Nxb2 28.Bd4 Nxd1 29.Rxe6 Qc6
30.Ne7+ Rxe7 31.Rxe7+ d5 32.Rxg7+  1-0

[Event "Corus"]
[Site "Wijk aan Zee NED"]
[Date "2000.01.15"]
[Round "1"]
[White "Timman,J"]
[Black "Anand,V"]
[Result "1/2-1/2"]
[WhiteElo "2655"]
[BlackElo "2769"]

1.d4 Nf6 2.c4 e6 3.Nc3 Bb4 4.e3 c5 5.Ne2 cxd4 6.exd4 O-O 7.a3 Be7 8.Nf4 d5
9.cxd5 Nxd5 10.Ncxd5 exd5 11.Bd3 Nc6 12.O-O Bf6 13.Be3 g6 14.Rc1 Bg7 15.Bb1 Ne7
16.Re1 Re8 17.Qf3 Qb6 18.b4 Be6 19.h4 Bd7 20.Ba2 Bc6 21.Nxd5 Nxd5 22.Bxd5 Bxd5
23.Qxd5 Rad8 24.Qc5 Qa6 25.Bg5 Rxe1+ 26.Rxe1 Bxd4 27.Qc7 Rf8 28.Be3 Bxe3
29.Rxe3 h5 30.g3 b5 31.Rf3 Kg7 32.Kg2 Kg8 33.Kh2 Kg7 34.Kg1 Kg8 35.Kg2 Kg7
36.Rc3 Re8 37.Rf3 Rf8 38.Kh2 Kg8 39.Rc3 Re8 40.Qc6 Qxc6 41.Rxc6 Re6 42.Rxe6  1/2-1/2

[Event "Corus"]
[Site "Wijk aan Zee NED"]
[Date "2000.01.27"]
[Round "10"]
[White "Timman,J"]
[Black "Van Wely,L"]
[Result "1-0"]
[WhiteElo "2655"]
[BlackElo "2646"]

1.e4 c5 2.Nf3 d6 3.d4 cxd4 4.Nxd4 Nf6 5.Nc3 a6 6.Be3 e6 7.f3 b5 8.Qd2 Nbd7
9.g4 h6 10.O-O-O Bb7 11.Bd3 Ne5 12.Rhe1 Rc8 13.Kb1 Nfd7 14.f4 Nc4 15.Qe2 Nxe3
16.Qxe3 Qb6 17.Nd5 exd5 18.exd5+ Kd8 19.Bxb5 axb5 20.Qe8+ Kc7 21.Qxf7 g5
22.Ne6+ Kb8 23.Qxd7 gxf4 24.Rf1 f3 25.a3 Qe3 26.Rfe1 Qb6 27.Rf1 Qe3 28.Rfe1 Qb6
29.Re4 Rc4 30.Nd4 Rc5 31.Re8+ Ka7 32.Nc6+ Rxc6 33.dxc6 Qxc6 34.Qd8 Qc4 35.Qb8+ Ka6
36.Rxf8 Rxf8 37.Qxf8  1-0

[Event "Blitz Chess Marathon"]
[Site "Dordrecht NED"]
[Date "2000.02.12"]
[Round "6.1"]
[White "Kasimdzhanov,R"]
[Black "Timman,J"]
[Result "0-1"]
[WhiteElo "2614"]
[BlackElo "2655"]

1.d4 Nf6 2.c4 e6 3.Nf3 b6 4.g3 Ba6 5.Qa4 Bb7 6.Bg2 c5 7.dxc5 Bxc5 8.O-O O-O
9.Nc3 Na6 10.Rd1 Be7 11.Bf4 Nc5 12.Qc2 a6 13.Rac1 Rc8 14.b3 d6 15.Bg5 Nfe4
16.Bxe7 Qxe7 17.Nxe4 Bxe4 18.Qd2 Rfd8 19.Qe3 Qb7 20.Rd2 d5 21.Rcd1 h6 22.cxd5 Rxd5
23.Rxd5 Bxd5 24.h4 a5 25.Rc1 Nd7 26.Ne1 Rxc1 27.Qxc1 Nc5 28.Qc3 Bxg2 29.Nxg2 Qe4
30.Qd2 a4 31.Qd8+ Kh7 32.Qxb6 Nxb3 33.Kh2 Nd4 34.f3 Qe5  0-1

[Event "Blitz Chess Marathon"]
[Site "Dordrecht NED"]
[Date "2000.02.12"]
[Round "8.1"]
[White "Piket,Je"]
[Black "Timman,J"]
[Result "1/2-1/2"]
[WhiteElo "2633"]
[BlackElo "2655"]

1.d4 Nf6 2.Nf3 g6 3.c4 Bg7 4.Nc3 d5 5.Bg5 Ne4 6.cxd5 Nxg5 7.Nxg5 e6 8.Nf3 exd5
9.e3 c6 10.h3 O-O 11.Rc1 Be6 12.Bd3 Nd7 13.O-O f5 14.b4 g5 15.Nh2 a6 16.Na4 Qe7
17.a3 f4 18.Qc2 fxe3 19.fxe3 h6 20.Nc5 Nxc5 21.bxc5 Bd7 22.Rce1 Rae8 23.Rxf8+ Rxf8
24.Qe2 Bc8 25.Bc2 Qc7 26.Qd3 Bf5 27.Qe2 Bxc2 28.Qxc2 Qg3 29.Qe2 Re8 30.Qf2 Qc7
31.Nf3 Qa5 32.Qb2 Re7 33.Qb4 Qc7 34.Qb3 Qg3 35.Rf1 g4 36.hxg4 Qxg4 37.Qd3 h5
38.Nh2 Qg5 39.Rf3 h4 40.Nf1 Re4 41.Qb1 Rg4 42.Qc2 Qe7 43.Qf5 Rg5 44.Qf4 Rg6
45.Qf5 Rg5 46.Qh3 Rg6 47.Nh2 Qe4 48.Qf5 Qxf5 49.Rxf5 Bh6 50.Nf1 Kg7 51.Re5 Kf7
52.Rh5 Bg5 53.Kf2 Rf6+ 54.Ke2 Kg6 55.Rh8 Rf7 56.Rg8+ Kf5 57.a4 Re7 58.Kf3 Rf7
59.Ke2 Kg4 60.Nd2 Kf5 61.Nf3 Bf6 62.Re8 Rg7 63.Kf2 Rf7 64.Rb8 Re7  1/2-1/2

[Event "Blitz Chess Marathon"]
[Site "Dordrecht NED"]
[Date "2000.02.12"]
[Round "8.2"]
[White "Timman,J"]
[Black "Piket,Je"]
[Result "0-1"]
[WhiteElo "2655"]
[BlackElo "2633"]

1.e4 Nf6 2.e5 Nd5 3.d4 d6 4.c4 Nb6 5.f4 dxe5 6.fxe5 Nc6 7.Be3 Bf5 8.Nc3 e6
9.Nf3 Bg4 10.Be2 Bxf3 11.gxf3 Qh4+ 12.Bf2 Qh3 13.c5 Nd5 14.Nxd5 exd5 15.f4 Qf5
16.O-O Qxf4 17.Qb3 O-O-O 18.Be3 Qe4 19.Rad1 f6 20.Rf4 Qg6+ 21.Rg4 Qf7 22.Bb5 Qe6
23.Rg3 fxe5 24.Bf1 Kb8 25.Bh3 Qe8 26.Bg2 e4 27.Bf1 Qe6 28.Ba6 Na5 29.Qa4 Qxa6
30.Rf1 Nc4 31.Qb3 Nxe3 32.Qxe3 Be7 33.Rf7 Bf6  0-1

[Event "Blitz Chess Marathon"]
[Site "Dordrecht NED"]
[Date "2000.02.12"]
[Round "9.2"]
[White "Timman,J"]
[Black "Van Wely,L"]
[Result "0-1"]
[WhiteElo "2655"]
[BlackElo "2646"]

1.d4 d5 2.Nf3 Nf6 3.Bg5 Ne4 4.Bh4 c5 5.e3 Qb6 6.Qc1 cxd4 7.exd4 Bg4 8.Be2 Nc6
9.c3 Rc8 10.O-O Bxf3 11.Bxf3 Nxd4 12.Bd1 Nf5 13.Bg4 g6 14.Nd2 Bh6 15.Rd1 Nxh4  0-1

[Event "Chess@iceland rapidplay Group A"]
[Site "Kopavogur ISL"]
[Date "2000.04.01"]
[Round "1"]
[White "Timman,J"]
[Black "Olafsson,F"]
[Result "1/2-1/2"]
[WhiteElo "2655"]
[BlackElo "2460"]

1.e4 d6 2.d4 g6 3.f4 Bg7 4.Nf3 c5 5.dxc5 Qa5+ 6.Nc3 Qxc5 7.Nd5 Qa5+ 8.Bd2 Qd8
9.Bc4 Nc6 10.O-O Bg4 11.h3 Bxf3 12.Qxf3 e6 13.Bc3 Kf8 14.Bxg7+ Kxg7 15.Ne3 Nf6
16.Rad1 Qe7 17.g4 h6 18.h4 Rad8 19.g5 hxg5 20.hxg5 Nxe4 21.Qxe4 d5 22.Bxd5 exd5
23.Qxe7 Nxe7 24.Rd2 d4  1/2-1/2

[Event "Chess@iceland rapidplay Group A"]
[Site "Kopavogur ISL"]
[Date "2000.04.01"]
[Round "5"]
[White "Korchnoi,V"]
[Black "Timman,J"]
[Result "1/2-1/2"]
[WhiteElo "2659"]
[BlackElo "2655"]

1.d4 Nf6 2.c4 e6 3.Nf3 c5 4.g3 cxd4 5.Nxd4 Bb4+ 6.Bd2 Qb6 7.e3 Bxd2+ 8.Qxd2 Ne4
9.Qc2 Qa5+ 10.Nd2 Nxd2 11.Qxd2 Qxd2+ 12.Kxd2 Ke7 13.Bg2 d6 14.Rhd1 Nd7 15.Ke2 Rd8
16.Rd2 Nf6 17.Rad1 a6 18.Nb3 a5 19.Nd4 e5 20.Nb5 Bg4+ 21.f3 Be6 22.Nxd6 Rd7
23.g4 Rad8 24.c5 h6 25.Nxb7 Rb8 26.Nxa5 Rc7 27.a3 Rxc5 28.b4 Rc3 29.h3 Bd7
30.f4 Bb5+ 31.Kf2 exf4 32.exf4 Rxa3 33.Re1+ Kf8 34.Re3 Ra4 35.Rd4 Be8 36.g5 hxg5
37.fxg5 Nh7 38.Nc6 Ra2+ 39.Re2 Rxe2+ 40.Kxe2 Bxc6 41.Bxc6 Nxg5 42.b5 Ne6
43.Rd8+ Nxd8  1/2-1/2

[Event "Japfa Classic"]
[Site "Bali INA"]
[Date "2000.04.28"]
[Round "6"]
[White "Timman,J"]
[Black "Karpov,An"]
[Result "1/2-1/2"]
[WhiteElo "2655"]
[BlackElo "2696"]

1.e4 c6 2.d4 d5 3.Nd2 dxe4 4.Nxe4 Nd7 5.Ng5 Ngf6 6.Bd3 e6 7.N1f3 Bd6 8.Qe2 h6
9.Ne4 Nxe4 10.Qxe4 Qc7 11.Qg4 Kf8 12.O-O c5 13.Qh4 b6 14.Be4 Rb8 15.b3 Nf6
16.dxc5 bxc5 17.Bb2 Nxe4 18.Qxe4 Bb7 19.Qg4 f5 20.Qh5 Bxf3 21.Qxf3 Kf7 22.Qh5+ g6
23.Qh4 Be7 24.Qh3 Bf6 25.Bxf6 Kxf6 26.Rae1 e5 27.Qc3 Rhe8 28.f4 Rb4 29.g4 Rd4
30.Qh3 Qg7 31.fxe5+ Rxe5 32.Rxe5 Kxe5 33.Qg3+ f4 34.Qe1+ Kd6 35.c3 Rd3 36.Qe4 Qxc3
37.Qxg6+ Kc7 38.Qf7+ Kb6 39.Qxf4 Ka5 40.Qc7+ Kb4 41.Qb7+ Ka3 42.Qxa7+ Kb2
43.Rf2+ Rd2 44.Rxd2+ Qxd2 45.Qxc5 Qd1+ 46.Kf2 Qxg4 47.Qd5 Qh4+ 48.Ke3 Kxa2
49.b4+ Ka3 50.b5 Qxh2 51.Qc6 Kb4 52.b6 Ka5 53.b7 h5 54.Qc8 Qe5+ 55.Kd3 Qd5+
56.Ke3 Qe5+ 57.Kf3 Qd5+ 58.Kf4 Qd2+ 59.Kf5 Qf2+ 60.Kg6 Qg3+ 61.Kf6 Qh4+ 62.Kf7 Qf4+  1/2-1/2

[Event "Lost Boys Open"]
[Site "Amsterdam NED"]
[Date "2000.08.12"]
[Round "2"]
[White "Timman,J"]
[Black "Bosch,Je"]
[Result "1/2-1/2"]
[WhiteElo "2639"]
[BlackElo "2405"]

1.e4 c5 2.Nf3 d6 3.d4 cxd4 4.Nxd4 Nf6 5.Nc3 Bd7 6.Be3 Ng4 7.Bg5 h6 8.Bh4 g5
9.Bg3 Bg7 10.Be2 h5 11.Bxg4 hxg4 12.O-O Nc6 13.Nf5 Bxf5 14.exf5 Bxc3 15.bxc3 Ne5
16.Bxe5 dxe5 17.Qxg4 f6 18.Rfd1 Qc7 19.Qa4+ Kf7 20.Qb3+ Kg7 21.Rd5 Rhd8 22.Rad1 Rxd5
23.Qxd5 Qc6 24.Qxc6 bxc6 25.Rd7 Kf7 26.g3 Rb8 27.Rxa7 Rb2 28.Ra6 Rxc2 29.Rxc6 Rxa2
30.Rc8 e4 31.c4 Ra1+ 32.Kg2 Ra2 33.Kf1 e3 34.fxe3 Rxh2 35.c5 Rc2 36.c6 e5
37.fxe6+ Kxe6 38.c7 Kf5 39.Ke1 Kg4 40.Kd1 Rc6 41.e4 Kxg3 42.Ke2 g4 43.Ke3 Rc1
44.Kd3 Kg2 45.Kd2 Rc4 46.Ke3 Kg3 47.Kd3  1/2-1/2

[Event "Lost Boys Open"]
[Site "Amsterdam NED"]
[Date "2000.08.15"]
[Round "5"]
[White "Ramesh,R"]
[Black "Timman,J"]
[Result "1-0"]
[WhiteElo "2450"]
[BlackElo "2639"]

1.e4 e5 2.Nf3 Nc6 3.Bb5 a6 4.Ba4 Nf6 5.O-O Nxe4 6.d4 b5 7.Bb3 d5 8.dxe5 Be6
9.Be3 Be7 10.c3 Nc5 11.Bc2 Bg4 12.Nbd2 Qd7 13.Re1 O-O 14.Qb1 g6 15.h3 Be6
16.Nf1 f5 17.exf6 Rxf6 18.Nd4 Bf5 19.Nxf5 gxf5 20.Qd1 Raf8 21.Qh5 Ne6 22.Rad1 Kh8
23.Qf3 f4 24.Bc1 Rg8 25.Qxd5 Bd6 26.Bf5 Ncd8 27.Bxf4 Qg7 28.Bxd6 cxd6 29.Bxe6 Nxe6
30.Ng3 Nf4 31.Qd4 h5 32.Re4 Ne6 33.Qd5 Ng5 34.Rh4  1-0

[Event "Lost Boys Open"]
[Site "Amsterdam NED"]
[Date "2000.08.16"]
[Round "6"]
[White "Timman,J"]
[Black "Krnic,Z"]
[Result "1-0"]
[WhiteElo "2639"]
[BlackElo "2401"]

1.c4 e5 2.Nc3 Nc6 3.Nf3 f5 4.d4 e4 5.Ng5 Nf6 6.e3 h6 7.Nh3 g5 8.Ng1 Ne7 9.h4 g4
10.Nge2 h5 11.Nf4 Kf7 12.Bd2 c6 13.d5 Ng6 14.Nxg6 Kxg6 15.Qc2 cxd5 16.O-O-O dxc4
17.Bxc4 a6 18.Nd5 Nxd5 19.Bxd5 d6 20.Bc3 Rh7 21.Kb1 Rc7 22.Qd2 Rb8 23.f3 exf3
24.gxf3 Rxc3 25.Qxc3 Bg7 26.Qd3 b5 27.e4 Qf6 28.Rd2 Bh6 29.Rc2 g3 30.f4 Bxf4
31.Rf1 Qxh4 32.e5 dxe5 33.Rc6+ Kg5 34.Bg2 e4 35.Qd8+ Kg4 36.Rxf4+  1-0

[Event "Lost Boys Open"]
[Site "Amsterdam NED"]
[Date "2000.08.17"]
[Round "7"]
[White "Peng Zhaoqin"]
[Black "Timman,J"]
[Result "1/2-1/2"]
[WhiteElo "2403"]
[BlackElo "2639"]

1.d4 Nf6 2.c4 e6 3.Nf3 b6 4.g3 Ba6 5.b3 Bb4+ 6.Bd2 Be7 7.Bg2 Bb7 8.Nc3 O-O
9.O-O Na6 10.Rc1 c5 11.d5 exd5 12.Nh4 Nc7 13.Nf5 Rb8 14.cxd5 d6 15.e4 Re8
16.Re1 Bc8 17.Nxe7+ Rxe7 18.Bf4 Ng4 19.Qc2 f6 20.Rcd1 Ne5 21.h3 b5 22.Be3 b4
23.Na4 Nb5 24.f4 Nf7 25.Qf2 Bd7 26.Rc1 a5 27.Kh2 Na3 28.Nb2 Bb5 29.g4 Qd7
30.g5 fxg5 31.e5 dxe5 32.fxg5 e4 33.Rxc5 Ne5 34.Qg3 Rbe8 35.Rd1 Nd3 36.d6 Nxc5
37.dxe7 Qxe7 38.Rc1 Nd7 39.h4 Ne5 40.Kh1 Bd7 41.Bc5 Qe6 42.Bxe4 Bc6 43.Bxc6 Qxc6+
44.Qg2 Qxg2+ 45.Kxg2 Ng6 46.Kf2 Nxh4 47.Bb6 Nb5 48.Na4 Nf5 49.Rd1 Re5 50.Rd7 Nbd6
51.Nc5 g6 52.Rd8+ Kf7 53.Rd7+ Ke8 54.Rd8+ Kf7 55.Rd7+ Kg8 56.Rd8+ Kf7 57.Rd7+ Ke8
58.Kf3 Re4  1/2-1/2

[Event "XVI ECC"]
[Site "Neum BIH"]
[Date "2000.09.27"]
[Round "4"]
[White "Baklan,V"]
[Black "Timman,J"]
[Result "1-0"]
[WhiteElo "2599"]
[BlackElo "2639"]

1.e4 e5 2.Nf3 Nf6 3.Nxe5 d6 4.Nf3 Nxe4 5.d4 d5 6.Bd3 Nc6 7.O-O Be7 8.c4 Nb4
9.Be2 O-O 10.Nc3 Be6 11.Ne5 c5 12.Nxe4 dxe4 13.d5 Bd6 14.a3 Bxe5 15.axb4 Bf5
16.bxc5 Qc7 17.g3 Qxc5 18.Be3 Qd6 19.c5 Qf6 20.Qb3 Bxb2 21.Ra4 Be5 22.Qxb7 Bh3
23.Re1 a5 24.d6 Rab8 25.Qxe4 Bd7 26.Bd3 g6 27.Bd4 Bxd4 28.Qxd4 Qxd4 29.Rxd4 a4
30.Re7  1-0

[Event "Open"]
[Site "Willemstad, Curacao AHO"]
[Date "2001.07.26"]
[Round "2"]
[White "Timman,J"]
[Black "Fierro Baquero,M"]
[Result "1-0"]
[WhiteElo "2597"]
[BlackElo "2282"]

1.e4 d5 2.exd5 Qxd5 3.Nc3 Qa5 4.d4 c6 5.Nf3 Nf6 6.Bd2 Bf5 7.Ne4 Qc7 8.Nxf6+ gxf6
9.Be2 e6 10.c4 Bd6 11.O-O Nd7 12.Rc1 Rg8 13.Re1 Be4 14.g3 O-O-O 15.Bf1 f5
16.Ng5 Nf6 17.c5 Bf8 18.Qa4 e5 19.Nxe4 Nxe4 20.Ba5 Rxd4 21.Qxd4 exd4 22.Bxc7 Kxc7
23.b4 Bh6 24.Rcd1 Rd8 25.f4  1-0

[Event "Open"]
[Site "Willemstad, Curacao AHO"]
[Date "2001.07.27"]
[Round "3"]
[White "Tischbierek,R"]
[Black "Timman,J"]
[Result "0-1"]
[WhiteElo "2493"]
[BlackElo "2597"]

1.e4 e5 2.Bc4 Nf6 3.d3 Bc5 4.Nc3 d6 5.Na4 Bb6 6.Nxb6 axb6 7.Ne2 Be6 8.Ng3 O-O
9.O-O Nc6 10.Bg5 h6 11.Bxf6 Qxf6 12.c3 Rad8 13.Bxe6 fxe6 14.Qe2 Ne7 15.Rad1 Ng6
16.Qg4 Kh7 17.Nh5 Qf7 18.d4 Ra8 19.a3 Ra5 20.Qe2 Nh4 21.Ng3 g5 22.Rfe1 Ng6
23.Nh5 g4 24.Ng3 Nf4 25.Qc2 h5 26.d5 exd5 27.exd5+ Qg6 28.Qxg6+ Kxg6 29.c4 Ra4
30.Re4 Rfa8 31.Nf1 b5 32.Nd2 bxc4 33.Rxc4 Nxd5 34.Rcc1 Rd4 35.Nc4 b5 36.Ne3 Rxd1+
37.Rxd1 Nxe3 38.fxe3 Kf5  0-1

[Event "Open"]
[Site "Willemstad, Curacao AHO"]
[Date "2001.07.30"]
[Round "5"]
[White "Macieja,B"]
[Black "Timman,J"]
[Result "1/2-1/2"]
[WhiteElo "2588"]
[BlackElo "2597"]

1.e4 e5 2.Nf3 Nc6 3.d4 exd4 4.Nxd4 Nf6 5.Nxc6 bxc6 6.e5 Qe7 7.Qe2 Nd5 8.c4 Nb6
9.Nc3 Qe6 10.Qe4 Ba6 11.b3 Bb4 12.Bd2 Bxc3 13.Bxc3 d5 14.Qh4 dxc4 15.Be2 Nd5
16.Bxc4 Bb5 17.O-O g5 18.Qd4 Bxc4 19.bxc4 Nf4 20.Rfe1 Rd8 21.Qe4 O-O 22.h4 Rd3
23.hxg5 Nh3+ 24.gxh3 Rxc3 25.Re3 Rxe3 26.Qxe3 Qxc4 27.Rc1 Qxa2 28.Rxc6 Re8
29.Rc5 a5 30.Kh2 a4 31.Rxc7 Qb3 32.Qxb3 axb3 33.Rb7 Rxe5 34.h4 Re2 35.Kg3 b2
36.f4 h6 37.gxh6 f5 38.h5 Rc2 39.Rg7+ Kh8 40.Rb7 Kg8 41.Rg7+ Kh8 42.Rb7  1/2-1/2

[Event "Open"]
[Site "Willemstad, Curacao AHO"]
[Date "2001.08.01"]
[Round "7"]
[White "Timman,J"]
[Black "Zapata,A"]
[Result "1/2-1/2"]
[WhiteElo "2597"]
[BlackElo "2530"]

1.e4 c5 2.Nf3 e6 3.c3 Nf6 4.e5 Nd5 5.d4 cxd4 6.cxd4 d6 7.Bc4 Be7 8.O-O O-O
9.Qe2 Nc6 10.Rd1 Na5 11.Bd3 Nb4 12.exd6 Qxd6 13.Be4 f5 14.Bd3 Nxd3 15.Qxd3 Nc6
16.Nc3 Bf6 17.Nb5 Qb8 18.Bg5 Bd7 19.Bxf6 Rxf6 20.Rac1 Be8 21.Re1 a6 22.Na3 Qa7
23.Nc2 Rd8 24.Qb3 h6 25.Ne5 Kh7 26.Rcd1 Rd5 27.h3 a5 28.Qc3 Rd8 29.Rd2 Qb8
30.Ne3 Qa7 31.d5 Nxe5 32.Qxe5 Qc5 33.Kh2 Bf7 34.Red1 exd5 35.Nxf5 Re8 36.Qd4 b6
37.Qg4 Qc7+ 38.Qg3 Qxg3+ 39.Nxg3 Rc8 40.Re2 Rfc6 41.Nf5 Rc2 42.Rdd2 Rxd2
43.Rxd2 Rc5 44.a3 Kg6 45.Ne3 Kf6 46.f4 Rb5 47.Ng4+ Kf5 48.Ne5 Bg8 49.Nc6 Kxf4
50.b4 axb4 51.axb4 Ke3 52.Rd4 Be6 53.Rd1 Bd7 54.Nd4 Rxb4 55.Nc2+ Ke2 56.Rxd5 Rc4
57.Rxd7 Rxc2 58.Rxg7 Rc6 59.g4 Kd3 60.Kg3 b5 61.Rb7 Kc4  1/2-1/2

[Event "Open"]
[Site "Willemstad, Curacao AHO"]
[Date "2001.08.02"]
[Round "8"]
[White "Gallegos,Ca"]
[Black "Timman,J"]
[Result "1/2-1/2"]
[WhiteElo "2403"]
[BlackElo "2597"]

1.e4 e5 2.Nf3 Nc6 3.Bb5 a6 4.Ba4 Nf6 5.O-O Bc5 6.d3 d6 7.Bxc6+ bxc6 8.Be3 Bb6
9.Nbd2 Be6 10.Bxb6 cxb6 11.d4 Nd7 12.Qe2 O-O 13.dxe5 dxe5 14.Nc4 Qf6 15.Rfd1 a5
16.a4 Rfd8 17.h3 h6 18.Rd2 Bxc4 19.Qxc4 Nc5 20.Rxd8+ Rxd8 21.b4 Nxa4 22.bxa5 b5
23.Qb4 Qe6 24.c4 Qe8 25.cxb5 cxb5 26.Rb1 Rb8 27.a6 f6 28.Nh4 Ra8 29.Qxb5  1/2-1/2